00342nam a2200121 4500003000900000020001500009040002800024082001900052100002200071245007100093260004500164300001100209CO-ViMGA a9972205363 aCO-ViMGAbspacCO-ViMGA a159.955bA578i1 aAntunes, Celso A.10aLas Inteligencias multiples , cómo estimularlas y desarrollarlas aMadríd (España), bAlfaomega, c2000 a135.p.